| 000 | 01297nam a2200349 a 4500 | ||
|---|---|---|---|
| 001 | vtls000185062 | ||
| 003 | NLI | ||
| 005 | 20210602111300.0 | ||
| 008 | 101125s1976 ii 000 0 eng | ||
| 020 | _cRs. 8.00 | ||
| 039 | 9 |
_y201011252221 _zVLOAD |
|
| 040 |
_aNLI _beng _cDatasoft 1 _eAACR2 |
||
| 041 | 0 | _aeng | |
| 044 | _aii | ||
| 082 | 0 | 4 | _a335.40954 |
| 100 | 1 |
_aWielenga, Bastiaan, _d1936- _9359552 |
|
| 245 | 1 | 0 |
_aMarxist views on India in historical perspective / _cby Bastiaan Wielenga |
| 260 |
_aMadras : _bPublished for the Christian Institute for the Study of Religion and Society, Bangalore, by the Christian Literature Society, _c1976 |
||
| 300 |
_axx, 155 p. ; _c20 cm. |
||
| 440 | 0 |
_aStudies on Indian Marxism series ; _vno. 2 _9359553 |
|
| 500 | _aLibrary has 2 cops. | ||
| 600 | 1 |
_aMarx, Karl _d1818- _xPolitical and social views _9359554 |
|
| 650 | 0 |
_aCommunism _zIndia _91080 |
|
| 887 | _a | ||
| 901 |
_aDB31531 _b28.02.1977 |
||
| 901 |
_aDB31960 _b30.05.1977 _9c.2 |
||
| 902 | _aE 335.40954 W 636 | ||
| 942 |
_2ddc _cBKS |
||
| 949 |
_AVIRTUAITEM _D10000 _X100 _6DBA000031531ENG |
||
| 949 |
_AVIRTUAITEM _D10000 _X100 _6DBA000031960ENG |
||
| 999 |
_aVIRTUA40 _c190890 _d190890 |
||
| 999 | _aVTLSSORT0080*0200*0400*0410*0440*0820*1000*2450*2600*3000*4400*5000*6000*6500*9010*9011*9020*9490*9491*9991 | ||